<?xml version="1.0" encoding="UTF-8"?>
<marc:record xmlns:marc="http://www.loc.gov/MARC21/slim">
   <marc:leader>00000nam a2200000 a 4500</marc:leader>
   <marc:datafield ind1="1" ind2=" " tag="100">
      <marc:subfield code="a">Laforet, Carmen</marc:subfield>
      <marc:subfield code="4">aut</marc:subfield>
      <marc:subfield code="e">Verfasser/-in</marc:subfield>
   </marc:datafield>
   <marc:datafield ind1=" " ind2=" " tag="653">
      <marc:subfield code="a">Spanisch / Roman</marc:subfield>
   </marc:datafield>
   <marc:datafield ind1="0" ind2="0" tag="245">
      <marc:subfield code="a">Nada</marc:subfield>
   </marc:datafield>
   <marc:datafield ind1="0" ind2="0" tag="245">
      <marc:subfield code="c">Laforet, Carmen</marc:subfield>
   </marc:datafield>
   <marc:datafield ind1=" " ind2="1" tag="264">
      <marc:subfield code="a">Barcelona</marc:subfield>
      <marc:subfield code="b">Ediciones Destino</marc:subfield>
      <marc:subfield code="c">2021</marc:subfield>
   </marc:datafield>
   <marc:datafield ind1="1" ind2=" " tag="520">
      <marc:subfield code="a">Lectura prescriptiva de la materia común de lengua castellana y literatura en el bachillerato en Cataluña. Promoción 2020-2022 y 2021-2023.&#xD;
Lectura de bachillerato para la EBAU en el Principado de Asturias 2021-2022.&#xD;
&#xD;
Lectura de bachillerato para la EAU en el País Vasco 2021-2022.&#xD;
&#xD;
Andrea llega a Barcelona para estudiar Letras. Sus ilusiones chocan, inmediatamente, con el ambiente de tensión y emociones violentas que reina en casa de su abuela. Andrea relata el contraste entre este sórdido microcosmos familiar ―poblado de seres extraños y apasionantes― y la frágil cordialidad de sus relaciones universitarias, centradas en la bella y luminosa Ena. Finalmente los dos mundos convergen en un diálogo dramático. &#xD;
&#xD;
&#xD;
Comparada por la crítica con Cumbres borrascosas, Nada destaca tanto por su prosa fresca y directa como por la extraordinaria sensibilidad en la recreación de una voz femenina. Cuando el libro acaba, el lector tiene la seguridad de poder encontrar, al volver la esquina, a una muchacha pálida y triste, con toda la fuerza de su juventud condensada en el mirar. Es Andrea, absorta, queriendo algo, sin saber qué. Como el resto de los protagonistas, ha nacido a la vida real por un prodigio de la creación artística.</marc:subfield>
   </marc:datafield>
   <marc:datafield ind1=" " ind2=" " tag="020">
      <marc:subfield code="a">9788423356980</marc:subfield>
      <marc:subfield code="9">9788423356980</marc:subfield>
   </marc:datafield>
   <marc:datafield ind1=" " ind2=" " tag="041">
      <marc:subfield code="a">spa</marc:subfield>
   </marc:datafield>
   <marc:datafield ind1=" " ind2=" " tag="338">
      <marc:subfield code="a">Band</marc:subfield>
   </marc:datafield>
   <marc:datafield ind1=" " ind2=" " tag="300">
      <marc:subfield code="a">364 Seiten</marc:subfield>
   </marc:datafield>
</marc:record>
